000 00655nam a22001577a 4500
005 20211005081754.0
008 211001b2021 my ||||| |||| 00| 0 eng d
020 _cSumbangan JKDM
040 _aAKMAL
082 _a343.5950552 MAL
090 _a343.5950552
_bMAL
245 _aUndang-Undang Malaysia : Akta Cukai Jualan 2018 [Akta 806], Akta Kewangan 2018 (Akta Cukai Jualan 2018) [Akta 812], Akta Cukai Jualan (Pindaan) 2018 [Akta A1578] & Akta Cukai Jualan (Pindaan) 2019 [Akta A1596]
264 _aKuala Lumpur
_bPercetakan Nasional Malaysia Berhad, (Pencetak kepada Kerajaan Malaysia yang dilantik)
_c2021
300 _a89pg
_c24cm
942 _2ddc
_cLAW
999 _c4899
_d4899